Master handbook of acoustics (Record no. 11369)
[ view plain ]
| 000 -LEADER | |
|---|---|
| fixed length control field | 00417 a2200157 4500 |
| 003 - CONTROL NUMBER IDENTIFIER | |
| control field | OSt |
| 005 - DATE AND TIME OF LATEST TRANSACTION | |
| control field | 20230309120638.0 |
| 008 - FIXED-LENGTH DATA ELEMENTS--GENERAL INFORMATION | |
| fixed length control field | 230309b ||||| |||| 00| 0 eng d |
| 020 ## - INTERNATIONAL STANDARD BOOK NUMBER | |
| International Standard Book Number | 9789385880025 |
| 082 ## - DEWEY DECIMAL CLASSIFICATION NUMBER | |
| Edition number | Indian edition |
| Classification number | 620.2 |
| Item number | EVE |
| 100 ## - MAIN ENTRY--PERSONAL NAME | |
| Personal name | F. Alton Everest, Ken Pohlmann |
| 245 ## - TITLE STATEMENT | |
| Title | Master handbook of acoustics |
| 260 ## - PUBLICATION, DISTRIBUTION, ETC. (IMPRINT) | |
| Name of publisher, distributor, etc | McGraw-Hill Education |
| Place of publication, distribution, etc | New Delhi |
| Date of publication, distribution, etc | 2015 |
| 300 ## - PHYSICAL DESCRIPTION | |
| Extent | 615p.; |
| 942 ## - ADDED ENTRY ELEMENTS (KOHA) | |
| Source of classification or shelving scheme | |
| Withdrawn status | Lost status | Source of classification or shelving scheme | Damaged status | Koha normalized classification for sorting | Not for loan | Permanent location | Current location | Date acquired | Source of acquisition | Cost, normal purchase price | Total Checkouts | Full call number | Barcode | Date last seen | Date last borrowed | Cost, replacement price | Price effective from | Koha item type |
|---|---|---|---|---|---|---|---|---|---|---|---|---|---|---|---|---|---|---|
| 729_290000000000000_EVE | BMS College of Architecture, Design and Planning | BMS College of Architecture, Design and Planning | 2023-03-16 | 3 | 821.25 | 1 | 729.29 EVE | AR-UG2955 | 2025-02-10 | 2025-02-10 | 1095.00 | 2023-03-16 | UG Books | |||||
| 729_000000000000000_29EVE | BMS College of Architecture, Design and Planning | BMS College of Architecture, Design and Planning | 2023-03-16 | 3 | 821.25 | 1 | 729.29EVE | AR-UG2956 | 2025-02-10 | 2025-02-10 | 1095.00 | 2023-03-16 | UG Books | |||||
| 729_000000000000000_29EVE | BMS College of Architecture, Design and Planning | BMS College of Architecture, Design and Planning | 2023-03-16 | 3 | 821.25 | 1 | 729.29EVE | AR-UG2957 | 2025-02-10 | 2025-02-10 | 1095.00 | 2023-03-16 | UG Books | |||||
| 729_000000000000000_29EVE | BMS College of Architecture, Design and Planning | BMS College of Architecture, Design and Planning | 2023-03-16 | 3 | 821.25 | 1 | 729.29EVE | AR-UG2958 | 2025-02-10 | 2025-02-10 | 1095.00 | 2023-03-16 | UG Books | |||||
| 729_000000000000000_29EVE | BMS College of Architecture, Design and Planning | BMS College of Architecture, Design and Planning | 2023-03-16 | 3 | 821.25 | 1 | 729.29EVE | AR-UG2959 | 2025-02-10 | 2025-02-10 | 1095.00 | 2023-03-16 | UG Books |